geyser - mitski lyrics - Statistics

General Stats
  • This quiz has been taken 105 times
  • The average score is 107 of 129
Answer Stats
Answer % Correct
i
100%
a
98%
be
96%
it
94%
me
92%
me,
92%
the
92%
to
92%
when
92%
you
92%
and
91%
geyser
91%
hear
91%
one,
91%
one
91%
verse you're
89%
call,
87%
call
87%
come
87%
i'm
87%
my
83%
want
83%
feel
81%
from
81%
it's
81%
number
81%
need
79%
not
79%
below
77%
down
77%
got,
77%
got
77%
hand
77%
real,
77%
real
77%
can't
75%
harmony
75%
that
75%
will
75%
constantly
74%
without
74%
beckon
72%
every
72%
only
72%
has
70%
so
70%
i've
68%
keep
68%
bubbling
66%
just
66%
turning
66%
beckoned
64%
ill
64%
turned
64%
way
62%
harming
60%
enough
58%
pre - chorus cause
57%
outro but
55%
hands
49%
chorus though
47%
No matching quizzes found
Score Distribution
Percent of People with Each Score
Percentile by Number Answered
Your Score History
You have not taken this quiz